书目信息 |
| 题名: |
赛龙舟
|
|
| 作者: | 秦伟 编著 | |
| 分册: | ||
| 出版信息: | 北京 中国社会出版社 2010.03 |
|
| 页数: | 219页 | |
| 开本: | 21cm | |
| 丛书名: | 中国民俗文化丛书 | |
| 单 册: | ||
| 中图分类: | G852.9 | |
| 科图分类: | ||
| 主题词: | 龙舟竞赛--long zhou jing sai--文化--中国 | |
| 电子资源: | ||
| ISBN: | 978-7-5087-3041-7 | |
| 000 | 00894nam 2200265 450 | |
| 001 | 012011589781 | |
| 005 | 20111117160030.37 | |
| 010 | @a978-7-5087-3041-7@dCNY12.00 | |
| 100 | @a20111117d2010 em y0chiy0120 ea | |
| 101 | 0 | @achi |
| 102 | @aCN@b110000 | |
| 105 | @aa a 000yy | |
| 106 | @ar | |
| 200 | 1 | @a赛龙舟@Asai long zhou@f秦伟编著@Fqin wei bian zhu |
| 210 | @a北京@c中国社会出版社@d2010.03 | |
| 215 | @a219页@c图@d21cm | |
| 225 | 2 | @a中国民俗文化丛书@Azhong guo min su wen hua cong shu |
| 320 | @a有书目 (第217页) | |
| 330 | @a本书内容包括:龙舟的起源与历史、赛龙舟起源传说、龙舟文化与民俗、龙舟的题材与特点、赛龙舟的艺术与审美、龙舟的制作与竞渡等。 | |
| 410 | 0 | @12001 @a中国民俗文化丛书 |
| 606 | 0 | @a龙舟竞赛@Along zhou jing sai@x文化@y中国 |
| 690 | @aG852.9@v4 | |
| 701 | 0 | @a秦伟@Aqin wei@4编著 |
| 801 | 0 | @aCN@bQSSK@c20111117 |
| 905 | @b795297-99@dG852.9@eQ443@f3 | |
| 赛龙舟/秦伟编著.-北京:中国社会出版社,2010.03 |
| 219页:图;21cm.-(中国民俗文化丛书) |
| ISBN 978-7-5087-3041-7:CNY12.00 |
| 本书内容包括:龙舟的起源与历史、赛龙舟起源传说、龙舟文化与民俗、龙舟的题材与特点、赛龙舟的艺术与审美、龙舟的制作与竞渡等。 |
| ● |
| 相关链接 |
|
|
|
正题名:赛龙舟
索取号:G852.9/Q443
 
预约/预借
| 序号 | 登录号 | 条形码 | 馆藏地/架位号 | 状态 | 备注 |
| 1 | 795297 | 207952973 | 社科库409/409社科库 26排3列1层/ [索取号:G852.9/Q443] | 在馆 | |
| 2 | 795298 | 207952982 | 社科库409/409社科库 26排3列1层/ [索取号:G852.9/Q443] | 在馆 | |
| 3 | 795299 | 207952991 | 社科库409/409社科库 26排3列1层/ [索取号:G852.9/Q443] | 在馆 |